Esplorare la mente : il cervello tra filosofia e biologia /

Saved in:
Bibliographic Details
Main Author: Oliverio, Alberto.
Format: Book
Language:Italian
Published: Milano : R. Cortina, c 1999.
Edition:1. ed.
Series:Saggi (Raffaello Cortina editore) ; 12.
Subjects:
Tags: Add Tag
No Tags, Be the first to tag this record!
LEADER 01069cam a2200373 a 4500
001 008317129-0
005 20090930121635.0
008 991101s1999 it a b 000 0 ita c
016 7 |a 100901747  |2 DNLM 
020 |a 8870785750 :  |c L35000. 
035 0 |a ocm42755324 
040 |a PUL  |c PUL  |d C3L  |d NLM 
042 |a pcc 
045 |a w1w9  |a x0x4  |a x4x- 
050 4 |a QP376  |b .O548 1999 
060 0 0 |a 1999 J-973 
060 1 0 |a WL 300 
082 1 4 |a 616 
100 1 |a Oliverio, Alberto. 
245 1 0 |a Esplorare la mente :  |b il cervello tra filosofia e biologia /  |c Alberto Oliverio. 
250 |a 1. ed. 
260 |a Milano :  |b R. Cortina,  |c c 1999. 
300 |a viii, 213 p. :  |b ill. ;  |c 23 cm. 
490 1 |a Saggi ;  |v 12 
504 |a Includes bibliographical references (p. 207-213). 
650 0 |a Brain. 
650 0 |a Brain  |x Anatomy. 
650 0 |a Neurophysiology. 
650 1 2 |a Brain  |x physiology. 
650 2 2 |a Mental Processes  |x physiology. 
650 2 2 |a Neuropsychology. 
830 0 |a Saggi (Raffaello Cortina editore) ;  |v 12. 
988 |a 20030909 
906 |0 OCLC